Đổi mới quản lí giáo dục tại trường trung cấp kĩ thuật và nghiệp vụ Nam Sài Gòn
Na minha lista:
| Autor principal: | |
|---|---|
| Formato: | Livro |
| Idioma: | Undetermined |
| Assuntos: | |
| Acesso em linha: | http://lrc.tdmu.edu.vn/opac/search/detail.asp?aID=2&ID=24556 |
| Tags: |
Adicionar Tag
Sem tags, seja o primeiro a adicionar uma tag!
|
| Thư viện lưu trữ: | Trung tâm Học liệu Trường Đại học Thủ Dầu Một |
|---|
| LEADER | 00691nam a2200145Ia 4500 | ||
|---|---|---|---|
| 001 | TDMU_24556 | ||
| 008 | 210410s9999 xx 000 0 und d | ||
| 082 | |a 378 | ||
| 100 | |a Trần, Ngọc Trình | ||
| 245 | 0 | |a Đổi mới quản lí giáo dục tại trường trung cấp kĩ thuật và nghiệp vụ Nam Sài Gòn | |
| 245 | 0 | |c Trần Ngọc Trình | |
| 300 | |a Tr.50-52 | ||
| 650 | |a Trường trung cấp kĩ thuật và nghiệp vụ Nam Sài Gòn; Đổi mới quản lí giáo dục; Giáo dục | ||
| 856 | |u http://lrc.tdmu.edu.vn/opac/search/detail.asp?aID=2&ID=24556 | ||
| 980 | |a Trung tâm Học liệu Trường Đại học Thủ Dầu Một | ||